00602 2200229 4500001002100000005001500021035002000036007000300056008004100059020001800100082001000118084001600128100002300144245002600167260004600193300003200239500005200271650001600323856001700339990000800356990000800364INLIS00000000000016220220217065320 a0010-0222000040ta220217 g 0 ind  a9789791409285 a297.5 a297.5 SAI b0 aSaiful Amin Ghofur1 aBahaya Akhlak Tercela aYogyakarta :bPustaka Insan Madani,c2007 a60 hlm + iv ;c15 x 21.5 cm aBuku ini hadir sebagai penangkal akhlak tercela 4aEtika Islam aKoleksi Umum a659 a711